LEADER 00916nam a2200229 i 4500 001 000000046793 003 CaOOAMICUS 005 20120210000000.0 008 120210s1971 xx u000 u fre u 013 $a17963 040 $aSeMil$bita 100 1 $aLeclercq, Jean,$c.$0(OLS)http://semarc/name/89154 245 10$aMoines et moniales ont-ils un avenir? /$cJean Leclercq. 260 $aBruxelles :$bLumen Vitae,$c1971. 300 $a262 p. ;$c19 cm. 490 0 $aTradition et renouveau ;$v6 650 4$aMonachesimo.$0(OLS)http://semarc/subject/4553 830 0$aTradition et renouveau ;$v6.$0(OLS)http://semarc/title/35398 850 $aSeMil 852 $aSeMil$W1$xVenegono$y1$m2C II 287$j12948$B12948$CSeMilBibl$Z2$F12948 $81 996 $6245$aMoines et moniales ont-ils un avenir?$9(OLS)http://semarc/title/70150 996 $6260$aBruxelles :$bLumen Vitae$9(OLS)http://semarc/publisher/29943 LEADER 01749nam a2200337 i 4500 001 000000355937 003 CaOOAMICUS 005 20231025114749.0 008 231025s2023 gw a m u000 u ger u 020 $a978-3-525-56084-6 040 $aSeMil$bita 041 0 $ager 100 1 $aBauspieß, Martin,$d<1977- >.$0(OLS)http://semarc/name/118579 245 14$aDer gegenwärtige Gott :$bdie paulinische Rede von Gott im Horizont der Tradition /$cMartin Bauspieß. 264 1$aGöttingen :$bVandenhoeck & Ruprecht,$c2023. 300 $a495 p. ;$c24 cm 490 1 $aWissenschaftliche Monographien zum Alten und Neuen Testament ;$v175 502 $aTesto della abilitazione, Eberhard Karls Universität Tübingen 2021/22 504 $aBibliographie, p. [437]-473 650 4$aDio - Onnipotenza.$0(OLS)http://semarc/subject/16167 650 4$aDio - Omnipresenza.$0(OLS)http://semarc/subject/28492 650 4$aBibbia - NT - Paolo - Commentari, studi, critica, interpretazioni.$0(OLS)http://semarc/subject/41326 650 4$aBibbia - NT - Paolo - Cristologia.$0(OLS)http://semarc/subject/439 650 4$aBibbia. Nuovo Testamento - Teologia.$0(OLS)http://semarc/subject/2289 830 0$aWissenschaftliche Monographien zum Alten und Neuen Testament ;$v175.$0(OLS)http://semarc/title/114 850 $aSeMil 852 $aSeMil$W1$xVenegono$y1$m2XA T 175$j243985$B247124$CSeMilBibl$Z2$F247124 $81 996 $6020$a978-3-525-56084-6$9(OLS)http://semarc/number/299188 996 $6245$aDer gegenwärtige Gott :$bdie paulinische Rede von Gott im Horizont der Tradition$9(OLS)http://semarc/title/446150 996 $6264$aGöttingen :$bVandenhoeck & Ruprecht$9(OLS)http://semarc/publisher/29697